Statistics for Yakko's World (update by Deuterium, the Sentient Mattress)

Click here to take the quiz!

General Stats

  • This quiz has been taken 65 times
  • The average score is 40 of 196

Answer Stats

HintAnswer% Correct
Canada
97%
Stanza OneUnited States
97%
Mexico
92%
Panama
92%
Haiti
90%
Jamaica
87%
Peru
87%
Cuba
77%
Dominica
64%
Republic Dominican
62%
Colombia
49%
Venezuela
44%
Guatemala
41%
Honduras
41%
Stanza TwoSt. Lucia
41%
Brazil.
38%
Chile
38%
Guyana
38%
Bolivia
36%
Antigua and Barbuda
33%
Belize
31%
Nicaragua!
31%
Stanza FourNorway
31%
Stanza ThreeCosta Rica
28%
Grenada
28%
Barbados
26%
Paraguay
26%
Suriname
26%
then there's El Salvador, too.
26%
Trinidad and Tobago
26%
Uruguay
26%
Denmark
23%
Japan.
23%
Russia
23%
St Kitts and Nevis
23%
The Bahamas
23%
UK
23%
And Ecuador
21%
and still
21%
Australia
21%
Cyprus
21%
France
21%
Indonesia
21%
Luxembourg
21%
Malaysia
21%
Oman
21%
Saudi Arabia
21%
St Vincent and The Grenadines
21%
Thailand
21%
The CAR
21%
then Argentina
21%
The Philippines
21%
The UAE's
21%
Vatican City
21%
Afghanistan
18%
Albania
18%
Austria
18%
Azerbaijan
18%
Bangladesh
18%
Belgium
18%
Botswana
18%
Bulgaria
18%
Cambodia
18%
Congo
18%
Czechia
18%
Fiji
18%
Guinea
18%
Guinea-Bissau
18%
Hungary
18%
Stanza SevenIndia
18%
Iraq
18%
Ireland
18%
Israel
18%
Italy
18%
Jordan
18%
Kuwait
18%
Laos
18%
Lebanon
18%
Libya
18%
Liechtenstein
18%
Malta
18%
Mauritius
18%
Monaco
18%
Stanza EightMongolia
18%
Stanza ThirteenMontenegro
18%
Myanmar
18%
Nepal
18%
Pakistan
18%
Stanza FivePoland
18%
Romania
18%
São Tomé and Príncipe
18%
Singapore
18%
Slovakia
18%
Sri Lanka
18%
Switzerland
18%
The Netherlands
18%
The Seychelles
18%
Tonga
18%
Turkey
18%
Vanuatu!
18%
Algeria
15%
And China
15%
and Finland
15%
And Germany
15%
and Iceland
15%
and Spain.
15%
and Sweden
15%
and Tuvalu
15%
Angola
15%
Armenia
15%
Belarus
15%
Benin
15%
Brunei
15%
Burkina Faso
15%
Stanza TenBurundi
15%
Cameroon
15%
Chad
15%
Djibouti
15%
Egypt
15%
Eswatini
15%
Stanza TwelveEthiopia
15%
Georgia
15%
Ghana.
15%
Kenya
15%
Lesotho
15%
Madagascar
15%
Moldova.
15%
Morocco
15%
Mozambique
15%
Namibia
15%
Nauru
15%
Niger
15%
Nigeria
15%
Qatar
15%
Rwanda
15%
Senegal
15%
Sierra Leone
15%
Slovenia
15%
Somalia
15%
Stanza ElevenTanzania
15%
The DRC
15%
The Gambia
15%
Togo
15%
Stanza NineTunisia
15%
Turkmenistan
15%
Uganda
15%
Uzbekistan
15%
Vietnam
15%
Zambia
15%
Zimbabwe
15%
and Bahrain
13%
and Bhutan
13%
and both the Koreas
13%
and Greece.
13%
and Iran.
13%
and Liberia
13%
and Portugal
13%
South Africa
13%
Sudan!
13%
Then Yemen
13%
Stanza SixThere's Syria
13%
and Bosnia-Herzegovina
10%
and Gabon.
10%
and Kazakhstan
10%
and Latvia
10%
and Lithuania
10%
and Mali
10%
and New Zealand
10%
and Palestine
10%
and Samoa
10%
and South Sudan
10%
GAP(But wait, there's more!)
10%
Stanza FourteenEquatorial Guinea
10%
Kyrgyzstan
10%
Maldives!
10%
then Malawi
10%
Then Mauritania
10%
then Timor Leste
10%
Andorra
8%
Comoros
8%
Côte d'Ivoire
8%
North Macedonia
8%
Serbia
8%
the Solomon Islands
8%
and Palau!
5%
and Papua New Guinea
5%
Cabo Verde
5%
Kiribati
5%
Micronesia
5%
then there's Tajikistan,
5%
Ukraine
5%
and Estonia
3%
then Eritrea
3%
and Croatia
0%
the Marshall Island and now,
0%
then San Marino
0%

Score Distribution

Percentile by Number Answered

Percent of People with Each Score

Your Score History

You have not taken this quiz